000
00311nam a2200121Ia 4500
008
221030s9999 xx 000 0 und d
041
_a
English
100
_a
J. C. Naylor
245
0
_a
Industrial Psychology - Its thoretical and Social Foundations
_c
by J. C. Naylor
260
_c
0
650
_a
B
942
_c
BK
999
_c
14449
_d
14449